[Event "StL-B-West 2002/03"]
[Site "St. Veit"]
[Date "2002.10.13"]
[Round "3"]
[Board "1"]
[White "Dobos, Jozsef"]
[Black "Reich, Thomas"]
[Result "1/2-1/2"]
[WhiteElo "2311"]
[BlackElo "2397"]
[PlyCount "31"]

1.e4 d6 2.d4 Nf6 3.Nc3 g6 4.Be3 Bg7 5.Qd2 O-O 6.h3 e5 7.dxe5 dxe5 8.Qxd8 Rxd8
9.Nf3 Nc6 10.a3 a6 11.Bd3 h6 12.O-O-O Be6 13.g4 Ne8 14.Nd2 Nd4 15.Bc4 Nd6
16.Bxe6

[Event "StL-B-West 2002/03"]
[Site "St. Veit"]
[Date "2002.10.13"]
[Round "3"]
[Board "2"]
[White "Micheli, Carlo"]
[Black "Schmidt, Georg"]
[Result "1/2-1/2"]
[WhiteElo "2350"]
[BlackElo "2246"]
[PlyCount "41"]

1.e4 e6 2.d4 d5 3.Nc3 Nf6 4.Bg5 Be7 5.e5 Nfd7 6.Bxe7 Qxe7 7.Qd2 a6 8.f4 c5 9.Nf3
Nc6 10.O-O-O g6 11.dxc5 Nxc5 12.g3 Bd7 13.Qe3 O-O-O 14.Bg2 Kb8 15.a3 Be8 16.Rhe1
Rc8 17.Kb1 Na5 18.Nd4 Na4 19.Nxa4 Bxa4 20.Bf1 Qc7 21.Qd2

[Event "StL-B-West 2002/03"]
[Site "St. Veit"]
[Date "2002.10.13"]
[Round "3"]
[Board "4"]
[White "Hoellrigl, Wilfried"]
[Black "Opl, Klaus"]
[Result "0-1"]
[WhiteElo "2219"]
[BlackElo "2279"]
[PlyCount "66"]

1.e4 e5 2.Nf3 Nc6 3.Bb5 a6 4.Ba4 Nf6 5.O-O Be7 6.Re1 b5 7.Bb3 O-O 8.c3 d6 9.h3
Na5 10.Bc2 c5 11.d4 Nd7 12.Nbd2 cxd4 13.cxd4 Nc6 14.Nf1 exd4 15.Nxd4 Nxd4
16.Qxd4 Ne5 17.Ne3 Bxh3 18.Nd5 Bf6 19.Qd1 Bg4 20.f3 Be6 21.Nxf6+ Qxf6 22.Be3
Rac8 23.b3 Qg6 24.Rf1 Bh3 25.Rf2 Rc3 26.Qe2 Rfc8 27.Bd1 Nd3 28.g4 Nxf2 29.Qxf2
h5 30.g5 d5 31.exd5 Qd6 32.f4 Qxd5 33.Bf3 Qd3

[Event "StL-B-West 2002/03"]
[Site "St. Veit"]
[Date "2002.10.13"]
[Round "3"]
[Board "2"]
[White "Gaertner, Guntram"]
[Black "Heinzel, Olaf"]
[Result "1/2-1/2"]
[WhiteElo "2354"]
[BlackElo "2371"]
[PlyCount "125"]

1.d4 Nf6 2.c4 e5 3.dxe5 Ne4 4.a3 a5 5.Nf3 Nc6 6.Nbd2 Nc5 7.Nb3 Nxb3 8.Qxb3 Be7
9.Bd2 O-O 10.e3 Re8 11.Bd3 Bf8 12.Bc3 g6 13.h4 Bg7 14.h5 Nxe5 15.Nxe5 Bxe5
16.hxg6 hxg6 17.Bxe5 Rxe5 18.Qc3 Qf6 19.O-O-O Kg7 20.g4 Re6 21.Qxf6+ Kxf6 22.Rh8
b6 23.Be2 Ke7 24.Bf3 c6 25.Rdh1 Rf6 26.R1h3 Bb7 27.Rxa8 Bxa8 28.Kd2 Bb7 29.Ke1
Kd8 30.b4 axb4 31.axb4 Ba6 32.Be2 Kc7 33.Rh7 d5 34.g5 Rf5 35.Bd3 Rxg5 36.Rxf7+
Kd8 37.b5 cxb5 38.cxb5 Bc8 39.Rf6 Rg1+ 40.Kd2 Rg2 41.Bxg6 Ke7 42.Rf7+ Ke6 43.Rf8
Bd7 44.Bd3 Kd6 45.Kc3 Kc5 46.Rd8 Rg7 47.f4 Re7 48.Kd2 Rg7 49.Ke2 Kb4 50.Kf2 Kc3
51.Be2 d4 52.exd4 Kxd4 53.Rb8 Rg6 54.Rd8 Rg7 55.Rh8 Rf7 56.Rh4 Rf5 57.Kg3 Bxb5
58.Bxb5 Rxb5 59.Kg4 Rb1 60.Kf5 b5 61.Ke6 Re1+ 62.Kf6 Re4 63.Kf5

[Event "StL-B-West 2002/03"]
[Site "St. Veit"]
[Date "2002.10.13"]
[Round "3"]
[Board "3"]
[White "Wegerle, Joerg"]
[Black "Grabher, Heinz"]
[Result "1-0"]
[WhiteElo "2365"]
[BlackElo "2228"]
[PlyCount "75"]

1.e4 c5 2.Nf3 e6 3.c4 d6 4.Nc3 Nf6 5.Be2 Be7 6.O-O O-O 7.d4 cxd4 8.Nxd4 a6 9.Be3
Qc7 10.a4 b6 11.f3 Bb7 12.Qd2 Nbd7 13.a5 bxa5 14.Nb3 Rab8 15.Nxa5 Ba8 16.Rfd1
Rfd8 17.Kh1 h5 18.b4 d5 19.exd5 exd5 20.Bf4 Ne5 21.Qd4 Nfd7 22.c5 Bf6 23.Bxa6 g5
24.Nb5 Rxb5 25.Bxb5 gxf4 26.Qxf4 Bg7 27.Nb3 Qb8 28.Nd4 Nc6 29.Rxa8 Qxa8 30.Bxc6
Qb8 31.Qxb8 Nxb8 32.Bb7 Nd7 33.Nf5 Rb8 34.c6 Nb6 35.Ne7+ Kf8 36.Nxd5 Nxd5
37.Rxd5 Re8 38.Kg1

[Event "StL-B-West 2002/03"]
[Site "St. Veit"]
[Date "2002.10.13"]
[Round "3"]
[Board "4"]
[White "Atlas, Dmitry"]
[Black "Duer, Werner"]
[Result "1/2-1/2"]
[WhiteElo "2258"]
[BlackElo "2285"]
[PlyCount "157"]

1.e4 c6 2.d4 d5 3.e5 Bf5 4.Nc3 Qb6 5.g4 Bd7 6.Bg2 e6 7.Nf3 c5 8.O-O h5 9.g5 cxd4
10.Qxd4 Qxd4 11.Nxd4 Bc5 12.Be3 Na6 13.Rad1 Ne7 14.Ndb5 Bb4 15.a3 Bxc3 16.Nd6+
Kf8 17.bxc3 Bc6 18.Rd4 Nc8 19.Nxc8 Rxc8 20.c4 Nc7 21.Rf4 g6 22.Bxa7 Kg7 23.Bc5
Rhd8 24.Be7 Rd7 25.Bd6 Ne8 26.cxd5 Bxd5 27.Bxd5 Nxd6 28.Bxe6 fxe6 29.exd6 Rxd6
30.Rb1 b6 31.c4 Rc5 32.h4 e5 33.Re4 Rd4 34.Rxd4 exd4 35.Rxb6 Rxc4 36.Rb7+ Kg8
37.Rb4 Rc1+ 38.Kg2 d3 39.Rd4 Rc3 40.a4 Ra3 41.Kf3 d2+ 42.Ke2 Ra2 43.Rf4 Kg7
44.Kd1 Rb2 45.Rc4 Ra2 46.Rc7+ Kg8 47.Ra7 Kh8 48.a5 Kg8 49.a6 Kf8 50.f3 Kg8
51.Ra8+ Kg7 52.Ke2 Kh7 53.Re8 Rxa6 54.Kxd2 Ra2+ 55.Ke3 Rh2 56.Re4 Kg7 57.Rf4 Ra2
58.Rd4 Rh2 59.Rd7+ Kg8 60.Rd4 Kg7 61.Re4 Kf7 62.Rf4+ Kg7 63.Kd4 Ra2 64.Kc5 Ra5+
65.Kb6 Ra2 66.Kc6 Ra6+ 67.Kb5 Ra2 68.Rc4 Ra3 69.Rc7+ Kg8 70.Rc6 Kg7 71.Rf6 Ra2
72.Kb6 Rh2 73.Rf4 Ra2 74.Rd4 Ra3 75.Rd7+ Kg8 76.Rd6 Kg7 77.Rf6 Ra4 78.f4 Ra3
79.Rd6

[Event "StL-B-West 2002/03"]
[Site "St. Veit"]
[Date "2002.10.13"]
[Round "3"]
[Board "5"]
[White "Erlacher, Michael"]
[Black "Pierecker, Markus"]
[Result "1/2-1/2"]
[WhiteElo "2197"]
[BlackElo "2276"]
[PlyCount "38"]

1.e4 c5 2.Nc3 Nc6 3.g3 g6 4.Bg2 Bg7 5.d3 d6 6.f4 Nf6 7.Nf3 Bg4 8.h3 Bxf3 9.Qxf3
Nd4 10.Qf2 Rb8 11.O-O O-O 12.g4 Nd7 13.f5 e6 14.Kh1 b5 15.Bf4 Rb6 16.Qd2 b4
17.Nd1 exf5 18.exf5 Re8 19.Ne3 g5

[Event "StL-B-West 2002/03"]
[Site "St. Veit"]
[Date "2002.10.13"]
[Round "3"]
[Board "6"]
[White "Sandholzer, Robert"]
[Black "Baerner, Helmut"]
[Result "1-0"]
[WhiteElo "2138"]
[BlackElo "2137"]
[PlyCount "131"]

1.e4 g6 2.d4 c6 3.Nc3 d5 4.h3 Bg7 5.Nf3 dxe4 6.Nxe4 Nd7 7.Bc4 Nb6 8.Bb3 Nf6
9.Nxf6+ Bxf6 10.Bf4 Nd5 11.Be5 Qa5+ 12.c3 Bxe5 13.Nxe5 Be6 14.O-O Nc7 15.Re1
Bxb3 16.Qxb3 O-O 17.Qxb7 Rab8 18.Nxc6 Rxb7 19.Nxa5 Rxb2 20.Rxe7 Nd5 21.Rxa7 Nxc3
22.Rb7 Rc2 23.Re1 Ne2+ 24.Kf1 Nxd4 25.Nb3 Nxb3 26.axb3 Rd8 27.Rbe7 Kg7 28.R7e2
Rc3 29.Rb1 Rb8 30.b4 Rc4 31.b5 Rc7 32.g3 Kf6 33.Kg2 Rc5 34.b6 Rc3 35.Ra2 Rc6
36.Ra6 h5 37.Rb5 Ke6 38.Kf3 Kd6 39.Ra7 Rc3+ 40.Ke4 Kc6 41.Rb4 Rb7 42.Rxb7 Kxb7
43.Rb2 Rc5 44.Rb3 h4 45.Kf4 Rf5+ 46.Kg4 Rxf2 47.Kxh4 Rf5 48.Kg4 Rd5 49.Rb4 f6
50.h4 Rc5 51.Rf4 Rc6 52.h5 gxh5+ 53.Kxh5 Rxb6 54.Kg6 Kc8 55.g4 Kd7 56.Rxf6 Rb4
57.g5 Rg4 58.Kh6 Ke7 59.Rf3 Ke6 60.g6 Rh4+ 61.Kg7 Rg4 62.Kh7 Rg1 63.g7 Rh1+
64.Kg8 Ra1 65.Rh3 Kf6 66.Kh8

[Event "StL-B-West 2002/03"]
[Site "St. Veit"]
[Date "2002.10.13"]
[Round "3"]
[Board "1"]
[White "Volke, Karsten"]
[Black "Bertagnolli, Alexander"]
[Result "1/2-1/2"]
[WhiteElo "2450"]
[BlackElo "2294"]
[PlyCount "45"]

1.c4 g6 2.g3 Bg7 3.Bg2 d6 4.Nc3 e5 5.d3 Nc6 6.e4 h5 7.h4 Bh6 8.Nge2 Bg4 9.f3 Be6
10.Nd5 Bxc1 11.Rxc1 Nce7 12.d4 c6 13.Ne3 c5 14.d5 Bd7 15.Qd2 Nh6 16.f4 f6 17.O-O
O-O 18.Rf2 Kg7 19.Rcf1 Nf7 20.Kh2 Ng8 21.Ng1 Ngh6 22.f5 g5 23.Bf3

[Event "StL-B-West 2002/03"]
[Site "St. Veit"]
[Date "2002.10.13"]
[Round "3"]
[Board "2"]
[White "Astl, Peter"]
[Black "Weindl, Alfred"]
[Result "0-1"]
[WhiteElo "2280"]
[BlackElo "2371"]
[PlyCount "80"]

1.d4 g6 2.Nf3 Bg7 3.Bf4 d6 4.e3 Nd7 5.h3 e5 6.Bh2 Nh6 7.Be2 O-O 8.O-O Kh8 9.c4
f5 10.dxe5 dxe5 11.Nc3 g5 12.Qd5 c6 13.Qd6 Nf7 14.Qd2 Qe7 15.Ne1 Nf6 16.Rd1 Rg8
17.Kh1 h5 18.f4 exf4 19.exf4 g4 20.h4 Ne4 21.Nxe4 fxe4 22.g3 Bf5 23.Ng2 e3
24.Qa5 Nh6 25.Bg1 b6 26.Qa3 Qxa3 27.bxa3 Rge8 28.Kh2 Re7 29.Rd6 Nf7 30.Rdd1 Rae8
31.Ne1 Bb2 32.a4 Bc3 33.c5 bxc5 34.Nd3 Bd4 35.Nc1 Bc2 36.Nb3 Bxd1 37.Rxd1 Nd6
38.Nxd4 cxd4 39.Rxd4 Nf5 40.Rc4 Rb8

[Event "StL-B-West 2002/03"]
[Site "St. Veit"]
[Date "2002.10.13"]
[Round "3"]
[Board "3"]
[White "Poettinger, Harald"]
[Black "Mittelberger, Peter"]
[Result "1/2-1/2"]
[WhiteElo "2222"]
[BlackElo "2259"]
[PlyCount "49"]

1.d4 d6 2.Nf3 g6 3.c4 Bg7 4.Nc3 Nf6 5.e3 O-O 6.Be2 c6 7.O-O a6 8.b4 Nbd7 9.a4 e5
10.Ba3 exd4 11.exd4 Re8 12.b5 axb5 13.axb5 Nb6 14.bxc6 bxc6 15.Bxd6 Rxa1 16.Qxa1
Qxd6 17.c5 Qd8 18.cxb6 Qxb6 19.Bc4 Be6 20.Rb1 Qc7 21.Qa2 Bxc4 22.Qxc4 Ne4
23.Nxe4 Rxe4 24.g3 Re8 25.Rc1

[Event "StL-B-West 2002/03"]
[Site "St. Veit"]
[Date "2002.10.13"]
[Round "3"]
[Board "4"]
[White "Eybl, Alexander"]
[Black "Bezler, Rainer"]
[Result "0-1"]
[WhiteElo "2233"]
[BlackElo "2253"]
[PlyCount "106"]

1.e4 c5 2.Nf3 d6 3.Bb5+ Bd7 4.Bxd7+ Qxd7 5.O-O Nc6 6.c3 Nf6 7.Qe2 e6 8.d4 cxd4
9.cxd4 d5 10.e5 Ne4 11.Be3 Be7 12.Ne1 f5 13.f3 Ng5 14.Nd3 O-O 15.Nc3 Nf7 16.g4
fxg4 17.fxg4 Ng5 18.Nf4 Nxd4 19.Bxd4 Rxf4 20.Rxf4 Nh3+ 21.Kh1 Nxf4 22.Qe3 Ng6
23.Rd1 a6 24.b3 Rf8 25.Kg1 Rf4 26.h3 Qe8 27.Rf1 Bg5 28.Rxf4 Bxf4 29.Qe2 Qb8
30.Na4 Bxe5 31.Bxe5 Qxe5 32.Qxe5 Nxe5 33.Nc5 Kf7 34.Kf2 Nc6 35.Nxb7 Kf6 36.a3 a5
37.Nc5 e5 38.Na6 e4 39.b4 axb4 40.axb4 Ke5 41.b5 Na5 42.Nc7 g5 43.b6 Nb7 44.Ne8
d4 45.Ng7 Kd5 46.Ke2 Kc4 47.Nf5 Kd5 48.Ng7 Nd6 49.Nf5 d3+ 50.Kf2 Kc6 51.Ke3 Nc4+
52.Kd4 d2 53.Ne7+ Kb7

[Event "StL-B-West 2002/03"]
[Site "St. Veit"]
[Date "2002.10.13"]
[Round "3"]
[Board "5"]
[White "Maier, Peter"]
[Black "Neuschmied, Siegfried"]
[Result "0-1"]
[WhiteElo "2164"]
[BlackElo "2185"]
[PlyCount "66"]

1.d4 Nf6 2.c4 g6 3.Nc3 Bg7 4.e4 d6 5.Be2 O-O 6.Bg5 c5 7.d5 h6 8.Be3 e6 9.Qd2
exd5 10.cxd5 Re8 11.f3 h5 12.h4 Nbd7 13.Nh3 a6 14.a4 Ne5 15.Nf2 Bd7 16.Bg5 b5
17.a5 Qc8 18.O-O Nh7 19.Bh6 Bh8 20.f4 Ng4 21.Bxg4 Bxg4 22.e5 dxe5 23.Nce4 Rd8
24.Rae1 Bf5 25.fxe5 Bxe5 26.Nxc5 Bf6 27.Rc1 Qb8 28.Bf4 Be5 29.Nfe4 Bxf4 30.Rxf4
Qe5 31.d6 Bxe4 32.Rxe4 Rxd6 33.Qe2 Qd5

[Event "StL-B-West 2002/03"]
[Site "St. Veit"]
[Date "2002.10.13"]
[Round "3"]
[Board "1"]
[White "Umansky, Mikhail"]
[Black "Riemelmoser, Franz"]
[Result "1-0"]
[WhiteElo "2415"]
[BlackElo "2320"]
[PlyCount "55"]

1.d4 e6 2.c4 d5 3.g3 dxc4 4.Bg2 c6 5.Nf3 b5 6.O-O Nd7 7.a4 Bb7 8.Nc3 a6 9.e4 h6
10.d5 b4 11.dxe6 fxe6 12.Ne2 Nc5 13.Ned4 Nf6 14.e5 Nd5 15.Qc2 Be7 16.Qg6+ Kd7
17.Bh3 Kc7 18.Bxe6 Qf8 19.Bd2 c3 20.Bxd5 cxd5 21.bxc3 bxc3 22.Rab1 Rc8 23.Bxc3
Kb8 24.Qb6 Qe8 25.Bb4 Rc7 26.Rfc1 Qc8 27.Ba5 Rd7 28.Nc6+

[Event "StL-B-West 2002/03"]
[Site "St. Veit"]
[Date "2002.10.13"]
[Round "3"]
[Board "2"]
[White "Bronznik, Valeri"]
[Black "Klundt, Klaus"]
[Result "1-0"]
[WhiteElo "2399"]
[BlackElo "2385"]
[PlyCount "47"]

1.d4 Nf6 2.c4 g6 3.Nc3 Bg7 4.e4 d6 5.Nf3 O-O 6.h3 c5 7.d5 e6 8.Bd3 exd5 9.cxd5
Re8 10.O-O c4 11.Bc2 b5 12.Nxb5 Nxe4 13.Bxe4 Rxe4 14.Bg5 Qb6 15.a4 Bf5 16.Nd2 a6
17.Nxe4 Bxe4 18.Qe2 axb5 19.Qxe4 Nd7 20.axb5 Rc8 21.Ra6 Qxb5 22.Rc6 Rf8 23.Qxc4
Qxb2 24.Rxd6

[Event "StL-B-West 2002/03"]
[Site "St. Veit"]
[Date "2002.10.13"]
[Round "3"]
[Board "3"]
[White "Hinteregger, Arthur"]
[Black "Scheffknecht, Philipp"]
[Result "0-1"]
[WhiteElo "2222"]
[BlackElo "2183"]
[PlyCount "57"]

1.d4 Nf6 2.Nf3 e6 3.e3 c5 4.c3 b6 5.Nbd2 Bb7 6.Bd3 d6 7.O-O Nbd7 8.Qe2 Be7 9.e4
cxd4 10.cxd4 O-O 11.Rd1 Rc8 12.b3 Re8 13.Bb2 Nf8 14.g3 Ng6 15.h4 Qc7 16.Ng5 e5
17.h5 Nh8 18.dxe5 dxe5 19.Nc4 Bc5 20.Rac1 Qb8 21.Qf3 h6 22.Nh3 Rcd8 23.Bb1 Rxd1+
24.Rxd1 Bc8 25.Qg2 Bg4 26.Rf1 Nxh5 27.Kh2 Ng6 28.f3 Be6 29.Qe2

[Event "StL-B-West 2002/03"]
[Site "St. Veit"]
[Date "2002.10.13"]
[Round "3"]
[Board "4"]
[White "Rotfuss, Oliver"]
[Black "Gottsmann, Herbert"]
[Result "1/2-1/2"]
[WhiteElo "2168"]
[BlackElo "2193"]
[PlyCount "27"]

1.d4 Nf6 2.Nf3 g6 3.Bg5 d6 4.Nbd2 Bg7 5.e3 O-O 6.Bc4 c5 7.c3 Qb6 8.Qc2 cxd4
9.cxd4 Nc6 10.O-O Bf5 11.Bd3 Bxd3 12.Qxd3 h6 13.Bxf6 Bxf6 14.Rab1

[Event "StL-B-West 2002/03"]
[Site "St. Veit"]
[Date "2002.10.13"]
[Round "3"]
[Board "1"]
[White "Meissner, Bernd"]
[Black "Lanka, Zigurds"]
[Result "1/2-1/2"]
[WhiteElo "2382"]
[BlackElo "2504"]
[PlyCount "74"]

1.d4 Nf6 2.c4 g6 3.Nc3 Bg7 4.e4 d6 5.h3 O-O 6.Bg5 c6 7.Nf3 e5 8.d5 a5 9.Nd2 Na6
10.Be2 Bd7 11.O-O Kh8 12.a3 Qb8 13.Rb1 Ng8 14.b4 axb4 15.axb4 c5 16.bxc5 Nxc5
17.Be3 Rc8 18.Nb3 Na4 19.Nxa4 Bxa4 20.Qd3 Nf6 21.Rb2 Nd7 22.Rfb1 Qc7 23.Qd2 f5
24.exf5 gxf5 25.f4 Bxb3 26.Rxb3 Nc5 27.Rb5 exf4 28.Bxc5 dxc5 29.Rxb7 Qe5 30.Kh1
Rd8 31.Bf3 Bf6 32.Re1 Ra1 33.Rxa1 Qxa1+ 34.Qd1 Qc3 35.Qb1 Re8 36.Rb8 Rxb8
37.Qxb8+ Kg7

[Event "StL-B-West 2002/03"]
[Site "St. Veit"]
[Date "2002.10.13"]
[Round "3"]
[Board "2"]
[White "Kleissl, Helmut"]
[Black "Herbrechtsmeier, Christof"]
[Result "1/2-1/2"]
[WhiteElo "2321"]
[BlackElo "2334"]
[PlyCount "46"]

1.Nf3 Nf6 2.c4 g6 3.Nc3 d5 4.cxd5 Nxd5 5.e4 Nxc3 6.dxc3 Qxd1+ 7.Kxd1 f6 8.Be3 e5
9.Nd2 Nd7 10.Nb3 Bd6 11.Kc2 Ke7 12.a4 Nf8 13.Bc4 Be6 14.Na5 Bxc4 15.Nxc4 Ne6
16.b4 c6 17.Rhd1 Bc7 18.a5 Rhd8 19.Rxd8 Bxd8 20.Rd1 Bc7 21.Kb3 a6 22.f3 Rd8
23.Re1 h5

[Event "StL-B-West 2002/03"]
[Site "St. Veit"]
[Date "2002.10.13"]
[Round "3"]
[Board "3"]
[White "Kratochwil, Christian"]
[Black "Kroell, Johannes"]
[Result "0-1"]
[WhiteElo "2319"]
[BlackElo "2123"]
[PlyCount "58"]

1.c4 g5 2.d4 h6 3.Nc3 Bg7 4.e3 c5 5.Nge2 Nc6 6.a3 d6 7.d5 Ne5 8.f4 Ng6 9.Ng3
Bxc3+ 10.bxc3 Qa5 11.Bd2 Nf6 12.Bd3 Nh4 13.O-O Bd7 14.Nh5 Ng6 15.Ng7+ Kd8
16.Bxg6 fxg6 17.Qc2 Qa6 18.Qd3 Kc7 19.Ne6+ Bxe6 20.dxe6 gxf4 21.exf4 d5 22.f5
Qxc4 23.Qg3+ Kc6 24.fxg6 Ne4 25.Qe3 Rag8 26.Rf7 Rxg6 27.Rxe7 Rhg8 28.Qf4 Rxg2+
29.Kh1 Nf2+

[Event "StL-B-West 2002/03"]
[Site "St. Veit"]
[Date "2002.10.13"]
[Round "3"]
[Board "4"]
[White "Schiestl, Josef"]
[Black "Lawitsch, Guenther"]
[Result "1/2-1/2"]
[WhiteElo "2170"]
[BlackElo "2257"]
[PlyCount "29"]

1.e4 e5 2.f4 d5 3.exd5 e4 4.d3 Nf6 5.dxe4 Bc5 6.Nc3 O-O 7.Bd3 Re8 8.Qe2 Nxe4
9.Nxe4 Bf5 10.Nxc5 Rxe2+ 11.Nxe2 Bxd3 12.Nxd3 Qxd5 13.O-O Qc4 14.Nc3 Nc6 15.Be3

[Event "StL-B-West 2002/03"]
[Site "St. Veit"]
[Date "2002.10.13"]
[Round "3"]
[Board "5"]
[White "Kapferer, Romed"]
[Black "Kondrak, Christof"]
[Result "0-1"]
[WhiteElo "2061"]
[BlackElo "2210"]
[PlyCount "90"]

1.e4 c5 2.d4 cxd4 3.c3 dxc3 4.Nxc3 e6 5.Bc4 a6 6.Nf3 Ne7 7.Bg5 b5 8.Bb3 Bb7
9.Qe2 h6 10.Bh4 Qb6 11.O-O Ng6 12.Bg3 Be7 13.h4 Bd6 14.e5 Bc7 15.Bc2 Ne7 16.Rad1
Bc6 17.Nd4 Qb7 18.f3 Nd5 19.Ne4 Nb4 20.Bb1 Bd5 21.Qd2 N4c6 22.Nxc6 dxc6 23.Nd6+
Bxd6 24.exd6 Nd7 25.Rfe1 O-O-O 26.Rc1 Nb6 27.b3 Qd7 28.Qa5 Kb7 29.Bf2 Nc8 30.Bc5
Rde8 31.Qb4 Qd8 32.a4 a5 33.Qf4 Qd7 34.axb5 cxb5 35.Ba3 Bc6 36.Be4 Na7 37.Rc5
Ka6 38.Rec1 Rc8 39.Qe5 g6 40.Bxc6 Rxc6 41.Rxc6+ Nxc6 42.Qe4 Rc8 43.Bc5 Ne5
44.Be3 Rxc1+ 45.Bxc1 Qc6

[Event "StL-B-West 2002/03"]
[Site "Jenbach"]
[Date "2002.11.29"]
[Round "4"]
[Board "2"]
[White "Proehl, Holger"]
[Black "Brumen, Dinko"]
[Result "1-0"]
[WhiteElo "2336"]
[BlackElo "2398"]
[PlyCount "97"]

1.e4 e6 2.d4 d5 3.Nd2 dxe4 4.Nxe4 Bd7 5.Nf3 Bc6 6.Bd3 Nd7 7.Qe2 Ngf6 8.Neg5 Bxf3
9.Nxf3 c6 10.O-O Qc7 11.c4 Bd6 12.b3 O-O 13.Bb2 Rfe8 14.Rfe1 Rad8 15.h3 Bb4
16.Red1 Bd6 17.Ne5 c5 18.Nxd7 Nxd7 19.Bc2 cxd4 20.Rxd4 e5 21.Rd2 Nb8 22.Rad1 Nc6
23.Be4 Bc5 24.Bxc6 Rxd2 25.Qxd2 Qxc6 26.Qd7 f6 27.Qxc6 bxc6 28.Rd7 Re7 29.Rd8+
Kf7 30.Bc3 Ke6 31.b4 Bb6 32.Rd2 h5 33.Kf1 e4 34.Ke2 g5 35.a4 a6 36.a5 Bc7 37.b5
cxb5 38.cxb5 axb5 39.Rb2 Be5 40.Bxe5 Kxe5 41.Rxb5+ Kd4 42.a6 Ra7 43.Ra5 h4
44.Ra4+ Kc5 45.Ke3 f5 46.Ra5+ Kc4 47.Rxf5 Rxa6 48.Rxg5 Ra2 49.Re5

[Event "StL-B-West 2002/03"]
[Site "Jenbach"]
[Date "2002.11.29"]
[Round "4"]
[Board "3"]
[White "Maier, Alexander"]
[Black "Kleissl, Helmut"]
[Result "1/2-1/2"]
[WhiteElo "2365"]
[BlackElo "2321"]
[PlyCount "59"]

1.e4 d6 2.d4 Nf6 3.Nc3 g6 4.h3 Bg7 5.Nf3 O-O 6.Be3 a6 7.Qd2 b5 8.Bd3 Bb7 9.Bh6
b4 10.Bxg7 Kxg7 11.Ne2 Nxe4 12.Qxb4 Qc8 13.O-O Nd7 14.Qe1 Nef6 15.Nd2 c5 16.c3
Qc6 17.f3 Rfe8 18.Qf2 cxd4 19.cxd4 Qb6 20.Nc4 Qd8 21.b4 Rb8 22.Na5 Ba8 23.a3 Qb6
24.Nc3 Nd5 25.Nc4 Qa7 26.Nxd5 Bxd5 27.Ne3 Nf6 28.Be4 Bb7 29.Rad1 Rec8 30.Bxb7

[Event "StL-B-West 2002/03"]
[Site "Jenbach"]
[Date "2002.11.29"]
[Round "4"]
[Board "4"]
[White "Kroell, Johannes"]
[Black "Ljubic, Juro"]
[Result "1/2-1/2"]
[WhiteElo "2123"]
[BlackElo "2291"]
[PlyCount "128"]

1.Nc3 c5 2.Nf3 Nc6 3.d4 cxd4 4.Nxd4 d5 5.g3 e5 6.Nxc6 bxc6 7.Bg2 Nf6 8.O-O Bb4
9.Na4 Ba6 10.a3 Be7 11.b3 Qc7 12.Bg5 Rd8 13.Re1 O-O 14.b4 Rfe8 15.Qc1 h6 16.Bd2
Nd7 17.e4 Nb6 18.Nc5 Bxc5 19.bxc5 Na4 20.Bb4 d4 21.Qd2 Qe7 22.c3 dxc3 23.Qc2 Bb5
24.Rad1 Rd4 25.Qb3 Qe6 26.Qxe6 fxe6 27.Rc1 Red8 28.Bxc3 Nxc3 29.Rxc3 Rd1 30.Rc1
Rxe1+ 31.Rxe1 Rd3 32.Bh3 Kf7 33.Ra1 Rc3 34.a4 Bd3 35.f3 Rxc5 36.Kf2 Rc2+ 37.Ke3
Bc4 38.Bf1 Bxf1 39.Rxf1 Rc3+ 40.Kd2 Rc4 41.a5 Rc5 42.Ra1 Ke7 43.a6 Kd7 44.Kd3
Kc7 45.f4 exf4 46.gxf4 g5 47.fxg5 Rxg5 48.Rb1 Rb5 49.Rf1 Rh5 50.Rb1 Rxh2 51.Rb7+
Kd6 52.Rxa7 Ra2 53.Ra8 Ke5 54.Kc4 Kd6 55.e5+ Kc7 56.Ra7+ Kb6 57.Rh7 Rxa6 58.Rxh6
Ra4+ 59.Kb3 Re4 60.Rxe6 Kc5 61.Re8 Re3+ 62.Kc2 Kd5 63.e6 Rxe6 64.Rxe6 Kxe6

[Event "StL-B-West 2002/03"]
[Site "Jenbach"]
[Date "2002.11.29"]
[Round "4"]
[Board "5"]
[White "Schoeppl, Engelbert"]
[Black "Schiestl, Josef"]
[Result "1/2-1/2"]
[WhiteElo "2219"]
[BlackElo "2170"]
[PlyCount "42"]

1.d4 Nf6 2.c4 g6 3.Nc3 Bg7 4.Nf3 d6 5.g3 O-O 6.Bg2 Nc6 7.O-O a6 8.h3 Bd7 9.Be3
Rb8 10.a4 e6 11.a5 Ne7 12.Qd2 Nf5 13.Bg5 h6 14.Bxf6 Qxf6 15.Rad1 Qd8 16.e4 Ne7
17.d5 e5 18.b4 f5 19.c5 Kh7 20.cxd6 cxd6 21.Qe3 b6

[Event "StL-B-West 2002/03"]
[Site "Jenbach"]
[Date "2002.11.29"]
[Round "4"]
[Board "6"]
[White "Kondrak, Christof"]
[Black "Huber, David"]
[Result "0-1"]
[WhiteElo "2210"]
[BlackElo "2095"]
[PlyCount "92"]

1.d4 Nf6 2.c4 Nc6 3.Nf3 e6 4.a3 a5 5.Bg5 Be7 6.Nc3 d6 7.e3 O-O 8.h3 Re8 9.Bf4
Bf8 10.Qc2 Ne7 11.Rd1 h6 12.Bd3 g6 13.Bh2 Bg7 14.c5 Nc6 15.Nb5 Bf8 16.Bxg6 fxg6
17.Qxg6+ Bg7 18.cxd6 cxd6 19.Bxd6 Ne7 20.Qd3 Ra6 21.Bc7 Qd5 22.Bh2 Rb6 23.Nc7
Qa2 24.Nxe8 Nxe8 25.O-O Bd7 26.Ra1 Qd5 27.Qc3 Rc6 28.Qd2 Nd6 29.Bxd6 Rxd6
30.Rfc1 Bc6 31.Rc5 Qxc5 32.dxc5 Rxd2 33.Nxd2 Bxb2 34.Ra2 Bg7 35.Nc4 Bd5 36.Rc2
a4 37.Nd6 Ng6 38.f4 Kf8 39.g3 Ke7 40.f5 Ne5 41.e4 Bb3 42.Re2 Nd3 43.g4 Bd4+
44.Kh1 Bxc5 45.e5 Bd5+ 46.Kh2 Nxe5

[Event "StL-B-West 2002/03"]
[Site "Jenbach"]
[Date "2002.11.29"]
[Round "4"]
[Board "1"]
[White "Bezold, Michael"]
[Black "Schmidt, Georg"]
[Result "1/2-1/2"]
[WhiteElo "2468"]
[BlackElo "2246"]
[PlyCount "65"]

1.c4 g6 2.g3 Bg7 3.Bg2 e5 4.Nc3 f5 5.d3 Nf6 6.Rb1 O-O 7.Nf3 d6 8.O-O Nh5 9.Bg5
Qe8 10.Nd5 Rf7 11.Bd2 h6 12.e3 c6 13.Nc3 Be6 14.b3 Nd7 15.Rc1 Nhf6 16.Rc2 d5
17.cxd5 Nxd5 18.Nxd5 Bxd5 19.Bc3 Rd8 20.Qe2 e4 21.Nd2 exd3 22.Qxd3 Nc5 23.Qe2
Bxg2 24.Kxg2 Bxc3 25.Rxc3 Rxd2 26.Qxd2 Ne4 27.Qc2 Nxc3 28.Qxc3 Qe4+ 29.Kg1 Rd7
30.Qf6 Kh7 31.Rc1 h5 32.h4 Qd5 33.Re1

[Event "StL-B-West 2002/03"]
[Site "Jenbach"]
[Date "2002.11.29"]
[Round "4"]
[Board "2"]
[White "Opl, Klaus"]
[Black "Novkovic, Milan"]
[Result "1/2-1/2"]
[WhiteElo "2279"]
[BlackElo "2375"]
[PlyCount "45"]

1.d4 Nf6 2.c4 e6 3.Nc3 Bb4 4.e3 b6 5.Nge2 Ne4 6.Qc2 Bb7 7.a3 Bxc3+ 8.Nxc3 Nxc3
9.Qxc3 Qh4 10.b4 O-O 11.Bb2 f6 12.Rd1 d6 13.d5 e5 14.Bd3 Nd7 15.O-O Qh5 16.Qc2
Rfe8 17.f4 exf4 18.exf4 Nf8 19.Rf3 Bc8 20.Rg3 Kh8 21.Rf1 Bd7 22.Bd4 Qf7 23.Qc3

[Event "StL-B-West 2002/03"]
[Site "Jenbach"]
[Date "2002.11.29"]
[Round "4"]
[Board "3"]
[White "Gaertner, Guntram"]
[Black "Enigl, Karl"]
[Result "1-0"]
[WhiteElo "2354"]
[BlackElo "2187"]
[PlyCount "135"]

1.b3 d5 2.Bb2 Bg4 3.h3 Bf5 4.Nf3 e6 5.e3 Nd7 6.Be2 Ngf6 7.c4 c6 8.O-O h6 9.cxd5
exd5 10.Ne5 Nxe5 11.Bxe5 Nd7 12.Bg3 Be7 13.d4 O-O 14.Bd3 Bxd3 15.Qxd3 Re8 16.Nd2
Nf6 17.Bh4 a5 18.a3 Ne4 19.Bxe7 Qxe7 20.Nxe4 Qxe4 21.Qxe4 Rxe4 22.b4 Kf8 23.b5
Rc8 24.Rfc1 Ke7 25.bxc6 bxc6 26.Rc5 Kd6 27.Rb1 Re7 28.Rxa5 f5 29.g3 g5 30.Rc5 f4
31.Rc3 Ra7 32.Kg2 fxg3 33.Kxg3 h5 34.Rb6 Ra4 35.Kf3 Rf8+ 36.Ke2 Rc4 37.Rxc4 dxc4
38.Rb4 Kd5 39.Ra4 c3 40.f3 c2 41.e4+ Kd6 42.Rc4 Ra8 43.Rxc2 Rxa3 44.Rc5 Ra2+
45.Kd3 Ra3+ 46.Rc3 Ra5 47.Ke3 Ra1 48.e5+ Kd7 49.Ke4 Ra4 50.Rc5 Ra1 51.e6+ Kxe6
52.Rxg5 Re1+ 53.Kd3 Rd1+ 54.Ke3 h4 55.Re5+ Kf6 56.Rh5 Re1+ 57.Kd2 Rf1 58.Ke2 Rc1
59.Rxh4 c5 60.Rh6+ Ke7 61.Rc6 Rh1 62.Rxc5 Rxh3 63.Ke3 Kd6 64.Rc1 Rh8 65.Ra1 Re8+
66.Kd3 Rf8 67.Ra6+ Kd5 68.Ra5+

[Event "StL-B-West 2002/03"]
[Site "Jenbach"]
[Date "2002.11.29"]
[Round "4"]
[Board "4"]
[White "Pantleev, Petar"]
[Black "Atlas, Dmitry"]
[Result "1-0"]
[WhiteElo "2256"]
[BlackElo "2258"]
[PlyCount "115"]

1.Nf3 d5 2.g3 Nf6 3.Bg2 e6 4.O-O Be7 5.d4 O-O 6.c4 c6 7.Nbd2 Nbd7 8.b3 b6 9.Bb2
Bb7 10.Ne5 c5 11.cxd5 exd5 12.Ndc4 Qc7 13.Nxd7 Qxd7 14.Ne5 Qe6 15.Rc1 Rfe8
16.dxc5 Bxc5 17.Rc2 Ne4 18.Nd3 Rad8 19.Qa1 f6 20.Bd4 Bd6 21.Qb2 Qe7 22.b4 Bb8
23.b5 Kh8 24.a4 Bd6 25.e3 Nc5 26.Nf4 Nxa4 27.Qa2 Nc5 28.Nxd5 Qe6 29.Nb4 Bxg2
30.Kxg2 Nb3 31.Nc6 Rd7 32.Rb1 Nxd4 33.exd4 Qe4+ 34.f3 Qf5 35.Re2 Rf8 36.Qc2 Qxc2
37.Rxc2 Re8 38.Ra1 Bb8 39.Rac1 h6 40.Kf2 Kh7 41.Re2 Rc8 42.Ke3 Bd6 43.Ra2 Rdc7
44.Kd3 f5 45.Rcc2 f4 46.g4 Ra8 47.Ra6 Kg6 48.h4 h5 49.g5 Rd7 50.Re2 Kf5 51.Ra4
Kg6 52.Re6+ Kf7 53.d5 Kf8 54.Kd4 Rc8 55.Rxa7 Rxa7 56.Nxa7 Rd8 57.Nc6 Rd7 58.Ne5